000 nam a22 7a 4500
999 _c9005
_d9005
008 180122b ||||| |||| 00| 0 eng d
100 _aSharma. S. N
_95305
245 _aMathematics
260 _aNew Delhi
_bGoyal Brothers
_c2007